000 00342nam a2200121Ia 4500
008 220204s9999 xx 000 0 und d
082 _a63:37(035)
_bPHI
100 _aPhipps, Lloyd J
245 0 _aHandbook on agricultural education in public schools
260 _aIllinois
_bInterstate
_c1980
650 _aAgricultural education
942 _cBK
999 _c36501
_d36501